000 00688nam a22002297a 4500
003 UA-OsUOA
001 89016
007 ta
008 20121023b un ||||| |||| 00| 0 ukr d
100 _aРотова Т.А.
700 _aКлапків Л.М.
090 _a330(477)
_bР79
942 _cSA
040 _aUA-OsUOA
_bukr
_cUA-OsUOA
_dUA-OsUOA
245 _aМодель капіталу страхової компанії, зваженого на фінансові ризики
300 _aС.76-84
955 _a0
041 _aukr
080 _a330(477)
773 0 _w89007
_tФінанси України
_dК.
_d2012
_g4
650 7 _a330 Економіка взагалі
_2UDC
999 _c375293
_d375293